La AID en Guatemala /

Guardat en:
Dades bibliogràfiques
Autor principal: Escoto, Jorge
Autor corporatiu: CRIES, AVANCSO
Altres autors: Marroquín, Manfredo
Format: Text
Publicat: s.l: CRIES
Etiquetes: Afegir etiqueta
Sense etiquetes, Sigues el primer a etiquetar aquest registre!

MARC

LEADER 00000 a a2200000 04500
001 25407
003
040
090 |a 181700  
100 |a Escoto, Jorge  
110 |a CRIES  
245 |a La AID en Guatemala /  |c CRIES  
260 |a s.l:   |b CRIES  
300 |a 166 p   |b **no definido**  
700 |a Marroquín, Manfredo  
710 |a AVANCSO  
999 |c 10718  |d 10718